[Event "EU-Cup 32nd"]
[Site "Novi Sad"]
[Date "2016.11.09"]
[Round "4.6"]
[White "Dijkstra, Arjan"]
[Black "Delpin, Patrice"]
[Result "1-0"]
[WhiteElo "2105"]
[BlackElo "2034"]
[PlyCount "66"]
[EventDate "2016.11.06"]
[EventType "team-swiss"]
[EventRounds "7"]
[EventCountry "SRB"]
[SourceTitle "CBM 176"]
[Source "ChessBase"]
[SourceDate "2017.01.17"]
[SourceVersion "1"]
[SourceVersionDate "2017.01.17"]
[SourceQuality "1"]
[WhiteTeam "JSV SISSA"]
[BlackTeam "Geneve"]
[WhiteTeamCountry "NED"]
[BlackTeamCountry "SUI"]

1. e4 c5 2. Nf3 Nc6 3. d4 cxd4 4. Nxd4 e5 5. Nb5 a6 6. Nd6+ Bxd6 7. Qxd6 Qf6 8. Qd3 Qg6 9. Be3 Nge7 10. Nc3 Nb4 11. Qd2 d5 12. Bc5 d4 13. 0-0-0 Qh6 14. Qxh6 gxh6 15. Bxb4 dxc3 16. Bxc3 Nc6 17. f4 Bg4 18. Rd6 Rd8 19. Rxd8+ Kxd8 20. f5 f6 21. h3 Bh5 22. Bd2 Bf7 23. Bxh6 Ke7 24. b3 Rc8 25. c3 Nd4 26. Kb2 Nb5 27. Bd2 Nd6 28. Bd3 b5 29. g4 Be8 30. Be3 Bf7 31. Rd1 Be8 32. Bc2 Bf7 33. Bb6 Nb7 1-0

[Event "SUI-chT"]
[Site "Switzerland"]
[Date "2013.05.26"]
[Round "3.8"]
[White "Delpin, Patrice"]
[Black "Boschetti, Claudio"]
[Result "0-1"]
[WhiteElo "2141"]
[BlackElo "2141"]
[PlyCount "66"]
[EventDate "2013.03.17"]
[EventType "team-tourn"]
[EventRounds "9"]
[EventCountry "SUI"]
[SourceTitle "EXT 2014"]
[Source "ChessBase"]
[SourceDate "2013.11.20"]
[SourceVersion "1"]
[SourceVersionDate "2013.11.20"]
[SourceQuality "1"]
[WhiteTeam "Geneve"]
[BlackTeam "Mendrisio"]
[WhiteTeamCountry "SUI"]
[BlackTeamCountry "SUI"]

1. d4 Nf6 2. Nf3 c5 3. e3 cxd4 4. exd4 b6 5. Bd3 Bb7 6. 0-0 e6 7. Qe2 Qc7 8. Nc3 a6 9. a3 Be7 10. Re1 h6 11. Ne4 Nd5 12. Ne5 Nc6 13. Nxc6 dxc6 14. Qf3 Qd7 15. Qe2 Qc7 16. Qf3 c5 17. dxc5 bxc5 18. c4 Nb6 19. Qe2 Rd8 20. Be3 0-0 21. f3 f5 22. Nc3 Bd6 23. f4 Rf6 24. Rf1 Rg6 25. Rf2 Qc6 26. Rd1 Be7 27. Kf1 Bh4 28. Rf3 Qc7 29. g3 Bf6 30. Rf2 Qc6 31. Ke1 Bxc3+ 32. bxc3 Re8 33. Qh5 Kh7 0-1